00842 a2200181 4500003000500000005001700005010001600022020001700038040000900055082002100064100002100085245004600106250001200152260004500164300003400209505038600243650003100629Nust20221117162826.0 a 90061030 a0672226952 : cNust00a621.31924092,SEA1 aSeale, Arthur C.10aElectrical wiring /cArthur C. Seale, Jr. a1st ed. a[Carmel, IN] :bH.W. Sams & Co.,cc1990. axiv, 274 p. :bill. ;c24 cm. aThe Electric Supply System (Page-1), Basic Electricity (Page-15), Electricity Entering The Home (Page-37), Wiring For The Home (Page-63), Wire And Hardware For The Home (Page-83), Installing Boxes And Cables (Page-115), Installing And Connecting, Fixtures And Receptacles (Page-133), Outdoor Home Wiring And Special Circuits (Page-169), Low Voltage Wiring Applications (Page-195). 0aElectric wiring, Interior.